000 00228nam a2200085Ia 4500
008 201216s9999 xx 000 0 und d
100 _aAlexander Hamilton Institute, Inc.
245 0 _aWord processing : dynamic resources
942 _cBK
999 _c6232
_d6232